000 00670nam a2200205Ia 4500
003 GCL
008 140319s9999 xx 000 0 ara d
040 _aGCL /
_cGCL
082 0 4 _a641.8
_bس هـ
100 1 _aسوفنير بوك هاوس
245 1 0 _aفن الطهى فى المطبخ الامريكى /
_cسوفنير بوك هاوس
260 _a[S.N] :
_bسوفنير بوك هاوس
300 _a157 ص
490 _aموسوعة عالم الطبخ
_v7
650 0 4 _aالولايات المتحدة الامريكية
650 0 4 _aالاقتصاد المنزلى
650 0 4 _aالمطبخ
650 0 4 _aالطهى الامريكى
942 _2ddc
_cBK
999 _c43399
_d43399